KOHA-Header-6

Business Analysis Techniques (Record no. 12260)

000 -LEADER
fixed length control field 00330nam a22001217a 4500
020 ## - INTERNATIONAL STANDARD BOOK NUMBER
ISBN 978-178017-273-6
082 ## - DEWEY DECIMAL CLASSIFICATION NUMBER
Classification number 658.401
100 ## - MAIN ENTRY--AUTHOR NAME
Personal name James Cadle.Debra Paul
245 ## - TITLE STATEMENT
Title Business Analysis Techniques
260 ## - PUBLICATION, DISTRIBUTION, ETC. (IMPRINT)
Place of publication India
Name of publisher VIVA BOOKS PRIVATE LIMITED
Year of publication 2015
300 ## - PHYSICAL DESCRIPTION
Number of Pages 209 pages.
Other physical details 8.9 x 6 x 0.6 inches
942 ## - ADDED ENTRY ELEMENTS (KOHA)
Koha item type Management
Holdings
Withdrawn status Lost status Collection code Permanent Location Current Location Shelving location Date acquired Full call number Accession Number Koha item type
    Business MAJU MAJU   2020-02-25 658.406 9540 Business

Powered by Koha